Call of Duty Zombies Perks Quiz - Statistics

General Stats
  • This quiz has been taken 678 times
    299 since last reset
  • The average score is 13 of 33
Answer Stats
First Appearance Perk % Correct
Verrückt Quick Revive
95%
Verrückt Speed Cola
94%
Verrückt Jugger-Nog
89%
Verrückt Double Tap Root Beer
87%
Ascension PhD Flopper
80%
Ascension Stamin-Up
80%
Call of the Dead Deadshot Daiquiri
76%
Moon Mule Kick
75%
Mob of the Dead Electric Cherry
74%
Shadows of Evil Widow's Wine
73%
Tranzit Tombstone Soda
70%
Buried Vulture Aid Elixir
64%
Die Rise Who's Who
64%
Die Maschine Elemental Pop
42%
Black Ops 4 PhD Slider
33%
Terminus/Liberty Falls Melee Macchiato
27%
Black Ops 4 Death Perception
26%
Black Ops 4 Dying Wish
23%
Black Ops 4 Timeslip
18%
Black Ops 4 Winter's Wail
18%
Black Ops 4 Stone Cold Stronghold
16%
Black Ops 4 Blood Wolf Bite
15%
Black Ops 4 Victorious Tortoise
15%
Black Ops 4 Bandolier Bandit
14%
Black Ops 4 Blaze Phase
12%
Black Ops 4 Zombshell
11%
Black Ops 4 Ethereal Razor
10%
Black Ops 4 Secret Sauce
10%
Der Anfang Fiendish Fortitude
3%
Der Anfang Aethereal Haste
2%
Der Anfang Demonic Frenzy
2%
Der Anfang Diabolical Damage
2%
Der Anfang Venomous Vigor
2%
No matching quizzes found
Score Distribution
Percent of People with Each Score
Percentile by Number Answered
Your Score History
You have not taken this quiz since the last reset